[Event "3rd Kolkata GM Open 2018"]
[Site "Kolkata IND"]
[Date "2018.05.18"]
[Round "5.13"]
[White "Koustav, Chatterjee"]
[Black "Tran, Tuan Minh"]
[Result "0-1"]
[BlackTitle "GM"]
[WhiteElo "2364"]
[BlackElo "2512"]
[WhiteFideId "25073060"]
[BlackFideId "12401820"]
[EventDate "2018.05.14"]

1. c4 e5 2. g3 c6 3. Nf3 e4 4. Nd4 Nf6 5. Bg2 d5 6. d3 Bb4+ 7. Nc3 O-O 8. O-O e3
9. fxe3 dxc4 10. Nc2 Bxc3 11. bxc3 Bg4 12. d4 Re8 13. Rf4 Bh5 14. e4 Bg6 15. e5
Rxe5 16. Ne3 Rxe3 17. Bxe3 Nd5 18. Bxd5 cxd5 19. Qf1 Nc6 20. Qf3 Qe7 21. Rf1 Re8
22. Bd2 Qe6 23. Rf2 Ne7 24. g4 Be4 25. Qg3 f6 26. Rf1 Qa6 27. R4f2 Qxa2 28. Bc1
Qa6 29. h4 Qe6 30. h5 Rf8 31. h6 Rf7 32. hxg7 Kxg7 33. Bg5 Ng8 34. Bh4 b5 35. g5
f5 36. Qh3 Ne7 37. g6 Nxg6 38. Bg5 Kg8 39. Kh2 a5 40. Bf4 b4 41. cxb4 axb4 42.
Rg1 b3 43. Qc3 Qf6 44. Bg5 Qb6 45. Bc1 f4 46. Bb2 Qc7 47. Qh3 f3+ 48. Rg3 c3 49.
Bxc3 Qxc3 50. exf3 b2 51. Qe6 Qxd4 52. Rgg2 b1=Q 53. fxe4 Qb8+ 0-1

[Event "3rd Kolkata GM Open 2018"]
[Site "Kolkata IND"]
[Date "2018.05.18"]
[Round "5.14"]
[White "Saravana, Krishnan P."]
[Black "Neverov, Valeriy"]
[Result "1/2-1/2"]
[BlackTitle "GM"]
[WhiteElo "2360"]
[BlackElo "2496"]
[WhiteFideId "5018382"]
[BlackFideId "14100150"]
[EventDate "2018.05.14"]

1. e4 c5 2. Nf3 d6 3. d4 cxd4 4. Nxd4 Nf6 5. Nc3 a6 6. h3 e5 7. Nde2 h5 8. g3
Nbd7 9. Bg2 b5 10. Bg5 Be7 11. Nd5 Nxd5 12. Qxd5 Rb8 13. Bxe7 Qxe7 14. Rd1 Rb6
15. a3 Nf6 16. Qd2 O-O 17. O-O Bb7 18. Nc3 Rc8 19. Nd5 Bxd5 20. exd5 Qc7 21. c3
a5 22. Qg5 Re8 23. Rfe1 Rb7 24. Rd3 Qd8 25. Rf3 e4 26. Rf5 Rbe7 27. Bf1 Re5 28.
Bxb5 Rxf5 29. Qxf5 Re5 30. Qf4 Nxd5 31. Qd2 e3 32. fxe3 Qg5 33. Qg2 Nxe3 34.
Qa8+ Kh7 35. Bd3+ g6 36. Qf3 Kg7 37. Qf4 Qe7 38. Re2 f5 39. b4 axb4 40. axb4 Kh7
41. Qd4 Qg5 42. Qf4 Qe7 43. Qd4 Qg5 44. Kf2 Nd1+ 45. Kf3 Qc1 46. Rxe5 dxe5 47.
Qxe5 Nxc3 48. Qc7+ Kh8 49. Qd8+ Kh7 50. Qc7+ Kh8 51. Qe5+ Kh7 52. Qe7+ Kh6 53.
Qf8+ Kh7 54. Qe7+ Kh6 55. Qf8+ 1/2-1/2

[Event "3rd Kolkata GM Open 2018"]
[Site "Kolkata IND"]
[Date "2018.05.18"]
[Round "5.16"]
[White "Prasad, Devaki V"]
[Black "Harsha, Bharathakoti"]
[Result "0-1"]
[WhiteTitle "IM"]
[BlackTitle "IM"]
[WhiteElo "2284"]
[BlackElo "2463"]
[WhiteFideId "5000050"]
[BlackFideId "5078776"]
[EventDate "2018.05.14"]

1. e4 c5 2. Nf3 d6 3. d4 cxd4 4. Nxd4 Nf6 5. Nc3 a6 6. Be2 e5 7. Nf3 Be7 8. Bg5
Be6 9. Bxf6 Bxf6 10. O-O Be7 11. Nd5 Nd7 12. Bc4 Rc8 13. Qe2 Nb6 14. Nxb6 Qxb6
15. Bb3 O-O 16. h3 Bxb3 17. axb3 f5 18. exf5 Rxf5 19. Qe4 Rf4 20. Qd5+ Kf8 21.
c3 Rc5 22. Qd1 Qc6 23. b4 Rd5 24. Qe2 Qc4 25. Rfe1 Qxe2 26. Rxe2 Bd8 27. Nd2 Ke7
28. g3 Rf8 29. Kg2 Kd7 30. Nc4 Bc7 31. Ne3 Rd3 32. c4 Bb6 33. c5 dxc5 34. Nc4
Bc7 35. bxc5 Kc6 36. b4 Rd4 37. Rc1 Kd5 38. Ne3+ Kc6 39. Nc4 e4 40. Nd2 Rxb4 41.
Nxe4 Re8 42. f3 a5 43. Rd2 a4 44. Ra1 Ra8 45. Rd3 Be5 46. Raa3 Bd4 47. Rd1 Rb2+
48. Kf1 Bxc5 49. Rc3 b6 50. Rd6+ Kb5 51. Rd5 Kb4 52. Rc1 Ra5 53. Nd2 Ra7 54. Ke1
a3 55. Nc4 Rg2 56. Ne5 Rg1+ 57. Kd2 Rxc1 58. Nd3+ Kc4 0-1

[Event "3rd Kolkata GM Open 2018"]
[Site "Kolkata IND"]
[Date "2018.05.18"]
[Round "5.17"]
[White "Kushagra, Mohan"]
[Black "Khusenkhojaev, Muhammad"]
[Result "1/2-1/2"]
[WhiteTitle "CM"]
[BlackTitle "IM"]
[WhiteElo "2256"]
[BlackElo "2456"]
[WhiteFideId "25033638"]
[BlackFideId "14700247"]
[EventDate "2018.05.14"]

1. e4 e5 2. Nf3 Nc6 3. d4 exd4 4. Nxd4 Bc5 5. Nxc6 Qf6 6. Qf3 dxc6 7. Nc3 Be6 8.
Qg3 O-O-O 9. Be3 Bxe3 10. Qxe3 Kb8 11. Bd3 Qh6 12. f4 Ne7 13. O-O-O Rhe8 14.
Rde1 Bc8 15. Qf2 f5 16. g3 fxe4 17. Rxe4 Nd5 18. Rhe1 Rxe4 19. Nxe4 Nb4 20. Bc4
Be6 21. Qc5 Bxc4 22. Qxc4 Nd5 23. Qe2 Re8 24. c4 a5 25. cxd5 cxd5 26. Qb5 c6 27.
Qxa5 dxe4 28. Rxe4 Rxe4 29. Qd8+ Ka7 30. Qa5+ Kb8 31. Qd8+ 1/2-1/2

[Event "3rd Kolkata GM Open 2018"]
[Site "Kolkata IND"]
[Date "2018.05.18"]
[Round "5.18"]
[White "Suvrajit, Saha"]
[Black "Neelotpal, Das"]
[Result "0-1"]
[WhiteTitle "IM"]
[BlackTitle "GM"]
[WhiteElo "2217"]
[BlackElo "2452"]
[WhiteFideId "5002532"]
[BlackFideId "5003512"]
[EventDate "2018.05.14"]

1. d4 Nf6 2. Nf3 g6 3. c4 Bg7 4. Nc3 d5 5. e3 O-O 6. b4 c6 7. Bb2 Bg4 8. h3 Bxf3
9. gxf3 Nbd7 10. f4 e6 11. c5 b6 12. Bd3 Rb8 13. Qd2 bxc5 14. bxc5 Nh5 15. Nd1
Qh4 16. Bc3 f6 17. Qe2 f5 18. Kd2 g5 19. fxg5 e5 20. Rg1 exd4 21. exd4 Bxd4 22.
Qe6+ Rf7 23. g6 hxg6 24. Qxg6+ Ng7 25. Qxc6 Bxc3+ 26. Kxc3 Qb4+ 27. Kc2 Qd4 28.
Nc3 Qxd3+ 29. Kxd3 Ne5+ 30. Kd4 Nxc6+ 31. Kxd5 Rf6 32. Rae1 Rb4 33. Re6 Rd4+ 34.
Kxc6 Rxe6+ 35. Kb5 a6+ 36. Ka5 Rc4 37. Na4 Re2 38. a3 Rxf2 39. Rb1 Ne6 40. Rb8+
Kf7 41. Rb7+ Kf6 42. Rb6 Ra2 43. Rxa6 Rxa3 44. Kb5 Rcxa4 45. Rxa4 Rxa4 46. Kxa4 0-1

[Event "3rd Kolkata GM Open 2018"]
[Site "Kolkata IND"]
[Date "2018.05.18"]
[Round "5.19"]
[White "Laxman, R.R."]
[Black "Mendonca, Leon Luke"]
[Result "1-0"]
[WhiteTitle "GM"]
[BlackTitle "CM"]
[WhiteElo "2444"]
[BlackElo "2122"]
[WhiteFideId "5005361"]
[BlackFideId "35028561"]
[EventDate "2018.05.14"]

1. d4 Nf6 2. Nf3 e6 3. c4 b6 4. g3 Bb7 5. Bg2 Be7 6. O-O O-O 7. Re1 Na6 8. Ne5
Bxg2 9. Kxg2 c5 10. d5 Qc7 11. Nf3 Ne4 12. Nfd2 exd5 13. cxd5 Nxd2 14. Nxd2 d6
15. e4 Qd7 16. Nc4 Nc7 17. Bf4 f5 18. e5 dxe5 19. Rxe5 Bf6 20. d6 Nb5 21. Qd5+
Kh8 22. Rxf5 Nd4 23. Rh5 Rae8 24. Rf1 Qg4 25. Rh3 Ne2 26. Be3 b5 27. Nd2 Bd4 28.
Rh4 Qg6 29. d7 Rd8 30. Bxd4 Nxd4 31. Qxc5 Qc6+ 32. Ne4 Qxd7 33. Rd1 h6 34. Rd3
a6 35. f3 Kg8 36. Nf6+ gxf6 37. Rdxd4 Qe6 38. Rhg4+ Kh8 39. Qc1 f5 40. Rxd8 Qe2+
41. Kg1 fxg4 42. Qxh6+ 1-0

[Event "3rd Kolkata GM Open 2018"]
[Site "Kolkata IND"]
[Date "2018.05.18"]
[Round "5.20"]
[White "Nguyen, Phuoc Tam"]
[Black "Das, Sayantan"]
[Result "0-1"]
[BlackTitle "IM"]
[WhiteElo "2210"]
[BlackElo "2437"]
[WhiteFideId "12402109"]
[BlackFideId "5034426"]
[EventDate "2018.05.14"]

1. Nf3 d5 2. g3 c6 3. Bg2 Nf6 4. O-O Bf5 5. d3 e6 6. Nbd2 Be7 7. b3 h6 8. Bb2
O-O 9. Re1 a5 10. e4 Bh7 11. e5 Nfd7 12. Nf1 a4 13. g4 c5 14. Ng3 Nc6 15. Qe2
Bg6 16. Bc3 b5 17. Bd2 Qc7 18. Bf4 Nd4 19. Qd1 axb3 20. cxb3 Nxf3+ 21. Bxf3 Ra3
22. Qc1 Qa7 23. g5 hxg5 24. Bxg5 Bxg5 25. Qxg5 Rxa2 26. Rxa2 Qxa2 27. h4 Qa5 28.
Re3 Qd8 29. Qg4 d4 30. Re1 Qa5 31. Re2 Bxd3 32. Nh5 Bg6 33. Kg2 d3 34. Re3 Qc3
35. Qg5 Bxh5 36. Qxh5 c4 37. Bc6 Nc5 38. Rg3 Qd2 39. b4 Rc8 40. Bf3 Nd7 41. Bb7
Rb8 42. Be4 Nf8 43. Re3 Rd8 44. Qg5 Rd4 45. Qf4 Ng6 46. Qg3 Qd1 47. h5 Qxh5 0-1

[Event "3rd Kolkata GM Open 2018"]
[Site "Kolkata IND"]
[Date "2018.05.19"]
[Round "6.1"]
[White "Tukhaev, Adam"]
[Black "Rozum, Ivan"]
[Result "1-0"]
[WhiteTitle "GM"]
[BlackTitle "GM"]
[WhiteElo "2551"]
[BlackElo "2581"]
[WhiteFideId "14109476"]
[BlackFideId "24104272"]
[EventDate "2018.05.14"]

1. e4 c6 2. d4 d5 3. exd5 cxd5 4. Bd3 Nc6 5. c3 Nf6 6. Bf4 g6 7. Nf3 Nh5 8. Bg5
Bg7 9. h3 O-O 10. Na3 f6 11. Be3 e5 12. g4 Nf4 13. Bxf4 exf4 14. Qd2 Qe7+ 15.
Qe2 Qd6 16. O-O-O a6 17. Nc2 Bd7 18. Rdg1 b5 19. h4 b4 20. c4 Rfe8 21. Qd2 dxc4
22. Bxc4+ Kf8 23. b3 Rac8 24. h5 Na5 25. Qd3 Nxc4 26. bxc4 Qe6 27. hxg6 Qxc4 28.
Qxc4 Rxc4 29. gxh7 Kf7 30. g5 Bf5 31. g6+ Bxg6 32. Rxg6 Kxg6 33. Nh4+ Kg5 34.
Rg1+ Kxh4 35. Rxg7 Rh8 36. d5 Kh5 37. d6 Kh6 38. Rc7 Rxc7 39. dxc7 a5 40. Nd4
Kxh7 41. Nb5 Rc8 42. Kc2 a4 43. Kd3 Kg7 44. Nd6 b3 45. axb3 a3 46. Nxc8 a2 47.
Nb6 a1=Q 48. c8=Q Qb1+ 49. Kc3 Qe1+ 50. Kc4 Qe2+ 51. Kd5 Qxf2 52. Qg4+ Kf7 53.
Nc4 f3 54. Nd6+ Kf8 55. Qf4 Kg7 56. Qxf6+ Kh7 57. Ne4 Qa7 58. Ng5+ Kg8 59. Qg6+
Kf8 60. Ne6+ 1-0

[Event "3rd Kolkata GM Open 2018"]
[Site "Kolkata IND"]
[Date "2018.05.19"]
[Round "6.2"]
[White "Narayanan, Srinath"]
[Black "Amonatov, Farrukh"]
[Result "1/2-1/2"]
[WhiteTitle "GM"]
[BlackTitle "GM"]
[WhiteElo "2525"]
[BlackElo "2608"]
[WhiteFideId "5018420"]
[BlackFideId "14700077"]
[EventDate "2018.05.14"]

1. e4 c5 2. Nc3 d6 3. f4 Nc6 4. Nf3 g6 5. Bc4 Bg7 6. O-O e6 7. d4 cxd4 8. Nb5
Nge7 9. Bb3 O-O 10. Nbxd4 Na5 11. Be3 a6 12. c4 b6 13. Qd2 Qc7 14. Rac1 Nxb3 15.
axb3 Bd7 16. Qf2 Qb7 17. e5 d5 18. Rfd1 Rac8 19. Qh4 Rfe8 20. Ng5 h6 21. Ngf3
dxc4 22. bxc4 Nf5 23. Qf2 Nxe3 24. Qxe3 Red8 25. Nd2 Bc6 26. Nxc6 Qxc6 27. b3
Bf8 28. Ne4 Bc5 29. Nxc5 bxc5 30. h3 Qb6 1/2-1/2

[Event "3rd Kolkata GM Open 2018"]
[Site "Kolkata IND"]
[Date "2018.05.19"]
[Round "6.3"]
[White "Short, Nigel D"]
[Black "Tran, Tuan Minh"]
[Result "1-0"]
[WhiteTitle "GM"]
[BlackTitle "GM"]
[WhiteElo "2656"]
[BlackElo "2512"]
[WhiteFideId "400025"]
[BlackFideId "12401820"]
[EventDate "2018.05.14"]

1. d4 Nf6 2. c4 e6 3. Nc3 Bb4 4. e3 b6 5. Ne2 Ne4 6. Bd2 Nxd2 7. Qxd2 O-O 8. a3
Be7 9. Rd1 a5 10. Qc2 Bb7 11. d5 Na6 12. Nd4 Nc5 13. Be2 a4 14. Bf3 Qc8 15. O-O
g6 16. dxe6 fxe6 17. Ne4 Bf6 18. Nxf6+ Rxf6 19. Bxb7 Qxb7 20. f3 Raf8 21. Nb5
Qc6 22. Nc3 Rf5 23. Rd4 R8f7 24. Rg4 d6 25. Qe2 Nd7 26. Rd4 Nc5 27. Rfd1 Re5 28.
Rg4 Nb3 29. h4 Nc5 30. Rdd4 Qe8 31. Rg3 Kf8 32. Rdg4 Qe7 33. Rg5 Ref5 34. Qd1
Qd7 35. Qd4 e5 36. Qd5 e4 37. Qd4 exf3 38. Rxf5 Qxf5 39. Qh8+ Ke7 40. Rxf3 Qe6
41. Nd5+ Kd7 42. Qb8 Na6 43. Rxf7+ Qxf7 44. Qb7 Nc5 45. Qxc7+ Ke6 46. Nf4+ Kf6
47. Qxd6+ Kg7 48. Qxb6 1-0

[Event "3rd Kolkata GM Open 2018"]
[Site "Kolkata IND"]
[Date "2018.05.19"]
[Round "6.4"]
[White "Sandipan, Chanda"]
[Black "Laxman, R.R."]
[Result "1-0"]
[WhiteTitle "GM"]
[BlackTitle "GM"]
[WhiteElo "2573"]
[BlackElo "2444"]
[WhiteFideId "5004225"]
[BlackFideId "5005361"]
[EventDate "2018.05.14"]

1. d4 Nf6 2. c4 e6 3. Nc3 Bb4 4. e3 d5 5. Bd2 O-O 6. Nf3 b6 7. cxd5 exd5 8. Rc1
Bb7 9. Bd3 a6 10. O-O Nbd7 11. Ne5 Nxe5 12. dxe5 Bxc3 13. Bxc3 Ne4 14. b4 c5 15.
Bxe4 dxe4 16. bxc5 bxc5 17. Qd6 Bd5 18. Ba5 Qxa5 19. Qxd5 Rac8 20. e6 fxe6 21.
Qxe6+ Kh8 22. Qxe4 Qxa2 23. Qc4 Qxc4 24. Rxc4 Rfd8 25. Rfc1 Rc6 26. f4 Rdc8 27.
Kf2 Kg8 28. Kf3 Kf7 29. e4 Ke6 30. Rd1 Rd6 31. f5+ Ke5 32. Rxd6 Kxd6 33. Kf4 a5
34. g4 Ra8 35. Ra4 c4 36. Rxc4 a4 37. e5+ Kd5 38. Rc1 a3 39. Rd1+ Kc5 40. e6
Ra4+ 41. Ke5 a2 42. e7 Rd4 1-0

[Event "3rd Kolkata GM Open 2018"]
[Site "Kolkata IND"]
[Date "2018.05.19"]
[Round "6.5"]
[White "Sengupta, Deep"]
[Black "Rahman, Ziaur"]
[Result "1-0"]
[WhiteTitle "GM"]
[BlackTitle "GM"]
[WhiteElo "2563"]
[BlackElo "2495"]
[WhiteFideId "5008352"]
[BlackFideId "10200037"]
[EventDate "2018.05.14"]

1. e4 g6 2. d4 Bg7 3. Nf3 d6 4. Nc3 Nf6 5. Be2 O-O 6. O-O c6 7. a4 Qc7 8. Be3 e5
9. dxe5 dxe5 10. h3 Qe7 11. Nd2 Rd8 12. Qc1 b6 13. Rd1 Na6 14. Nb3 Rxd1+ 15.
Qxd1 Bb7 16. Bf3 Nd7 17. a5 b5 18. Qd2 Nf8 19. Rd1 Bf6 20. Na2 c5 21. Nc3 c4 22.
Nc1 Nc7 23. N1a2 a6 24. Bb6 Re8 25. Qd6 Na8 26. Bc5 Qxd6 27. Bxd6 Bd8 28. Nb4
Bxa5 29. Ncd5 Kg7 30. Nxa6 Nd7 31. Nab4 Re6 32. Nc3 Nf6 33. Bc5 Nc7 34. Ra1 Bxb4
35. Bxb4 Na6 36. Ba5 b4 37. Nd5 b3 38. cxb3 cxb3 39. Nxf6 Kxf6 40. Bd8+ Kg7 41.
Ra5 Re8 42. Bg5 Nc7 43. Bd2 Ba6 44. Rc5 Ne6 45. Rxe5 Rc8 46. Rd5 Kg8 47. Rd6 Rc2
48. Bc3 Rxc3 49. bxc3 Nc5 50. Bd1 Bc4 51. Rb6 Kg7 52. f3 Na4 53. Rb4 1-0

[Event "3rd Kolkata GM Open 2018"]
[Site "Kolkata IND"]
[Date "2018.05.19"]
[Round "6.7"]
[White "Harsha, Bharathakoti"]
[Black "Lalith, Babu M R"]
[Result "1/2-1/2"]
[WhiteTitle "IM"]
[BlackTitle "GM"]
[WhiteElo "2463"]
[BlackElo "2531"]
[WhiteFideId "5078776"]
[BlackFideId "5024595"]
[EventDate "2018.05.14"]

1. d4 g6 2. c4 Bg7 3. Nf3 d6 4. g3 Nf6 5. Bg2 O-O 6. Nc3 Nbd7 7. O-O e5 8. e4
exd4 9. Nxd4 Re8 10. h3 Nc5 11. Re1 a5 12. Qc2 Bd7 13. Be3 Qc8 14. Kh2 Ne6 15.
Rad1 Nxd4 16. Bxd4 Bc6 17. Nd5 Bxd5 18. cxd5 Nd7 19. Bxg7 Kxg7 20. Qc3+ Kg8 21.
f4 Re7 22. e5 Qe8 23. e6 Nc5 24. h4 Qf8 25. Bh3 Qg7 26. exf7+ Rxf7 27. Qxg7+
Kxg7 28. Re2 h6 29. Bg4 h5 30. Bh3 Kf8 31. Kg2 Re8 32. Rxe8+ Kxe8 33. Kf3 Kf8 1/2-1/2

[Event "3rd Kolkata GM Open 2018"]
[Site "Kolkata IND"]
[Date "2018.05.19"]
[Round "6.9"]
[White "Neelotpal, Das"]
[Black "Deepan, Chakkravarthy J."]
[Result "0-1"]
[WhiteTitle "GM"]
[BlackTitle "GM"]
[WhiteElo "2452"]
[BlackElo "2516"]
[WhiteFideId "5003512"]
[BlackFideId "5011132"]
[EventDate "2018.05.14"]

1. e4 c5 2. Nc3 a6 3. Nge2 d6 4. d4 cxd4 5. Nxd4 Nf6 6. Be2 e6 7. O-O Be7 8. f4
O-O 9. Kh1 Nc6 10. Be3 Qc7 11. a4 Bd7 12. Nb3 b6 13. Bf3 Bc8 14. g4 Bb7 15. g5
Nd7 16. Bg2 Rfe8 17. Rf3 Bf8 18. Rh3 g6 19. Qd2 Rac8 20. Rf1 Nb4 21. Qf2 Bg7 22.
Bd4 Bxd4 23. Nxd4 Nf8 24. Nd1 e5 25. fxe5 dxe5 26. Ne3 exd4 27. Ng4 f5 28. gxf6
Kf7 29. Nh6+ Ke6 30. Rc3 dxc3 31. Qd4 Nd5 32. exd5+ Kd7 33. Nf7 Re2 34. Qg4+ Ke8
35. Qxe2+ Kxf7 36. Qe7+ Qxe7 37. fxe7+ Kxe7 38. d6+ Kxd6 39. Bxb7 Rc7 40. Bxa6
cxb2 41. Bd3 b5 42. a5 Ra7 43. Rb1 Rxa5 44. Rxb2 Kc5 45. Rb1 Ne6 46. Rf1 Ra7 47.
Rf6 Re7 48. h4 b4 49. h5 g5 50. h6 Nf4 51. Bf5 Nh5 52. Rf8 Ng3+ 53. Kg2 Nxf5 54.
Rxf5+ Kd4 55. Rxg5 Re6 56. Rb5 Kc4 57. Rb7 Rxh6 58. Kf3 Rc6 59. Ke2 Kc3 60. Kd1
h5 61. Rb5 Rh6 62. Rd5 h4 63. Rd3+ Kc4 64. Rh3 Rd6+ 65. Kc1 Rd4 66. Kb2 Rf4 67.
Kc1 Kd4 68. Kd2 Ke4 69. Ke2 Kf5 70. Rb3 Kg4 71. c3 bxc3 72. Rxc3 h3 73. Rc8 h2
74. Rh8 Kg3 0-1

[Event "3rd Kolkata GM Open 2018"]
[Site "Kolkata IND"]
[Date "2018.05.19"]
[Round "6.10"]
[White "Das, Sayantan"]
[Black "Gupta, Abhijeet"]
[Result "1/2-1/2"]
[WhiteTitle "IM"]
[BlackTitle "GM"]
[WhiteElo "2437"]
[BlackElo "2619"]
[WhiteFideId "5034426"]
[BlackFideId "5010608"]
[EventDate "2018.05.14"]

1. c4 Nf6 2. Nc3 d5 3. cxd5 Nxd5 4. g3 g6 5. Bg2 Nxc3 6. bxc3 Bg7 7. Rb1 Nc6 8.
h4 h6 9. Qa4 O-O 10. Nf3 Qe8 11. Ba3 Bd7 12. Qc2 b6 13. c4 Rd8 14. d3 Bg4 15.
Bb2 Bxf3 16. Bxf3 Bxb2 17. Qxb2 Nd4 18. Bd5 c5 19. O-O Rd6 20. h5 gxh5 21. e3
Nf5 22. Qe5 Ng7 23. f4 Rg6 24. Kf2 Qd7 25. Be4 Rd6 26. Rbd1 f6 27. Qc3 Rd8 28.
Bd5+ Kh8 29. Rh1 b5 30. g4 b4 31. Qb2 a5 32. gxh5 e6 33. Bf3 Qe7 34. Rhg1 Rxd3
35. Rxd3 Rxd3 36. Qc2 Qd8 37. Bd5 Rc3 38. Qg6 Nf5 39. e4 Rc2+ 40. Kf1 Rc1+ 41.
Kf2 Rxg1 42. Kxg1 exd5 43. Qxf5 dxc4 44. Qxc5 b3 45. Qxc4 b2 46. Qb5 Qd1+ 47.
Kf2 Qd4+ 48. Kf3 Qc3+ 49. Kg4 Qc8+ 50. Kh4 Qc3 51. Qe8+ Kg7 52. Qe7+ Kg8 53.
Qe8+ Kg7 54. Qe7+ 1/2-1/2

[Event "3rd Kolkata GM Open 2018"]
[Site "Kolkata IND"]
[Date "2018.05.19"]
[Round "6.11"]
[White "Karthikeyan, Murali"]
[Black "Saravana, Krishnan P."]
[Result "1-0"]
[WhiteTitle "GM"]
[WhiteElo "2617"]
[BlackElo "2360"]
[WhiteFideId "5074452"]
[BlackFideId "5018382"]
[EventDate "2018.05.14"]

1. e4 e6 2. d4 d5 3. Nc3 Bb4 4. e5 c5 5. a3 Ba5 6. b4 cxd4 7. Nb5 Bc7 8. f4 Bd7
9. Nxc7+ Qxc7 10. Bd3 Ne7 11. Bd2 Ba4 12. Qg4 g6 13. Nf3 Nf5 14. Qg5 h6 15. Qf6
Rh7 16. Bxf5 Nd7 17. Qh4 gxf5 18. O-O Qd8 19. Qh5 Qb6 20. Rf2 O-O-O 21. Rc1 f6
22. c4 dxc4 23. Rxc4+ Kb8 24. Rxd4 fxe5 25. fxe5 Nf8 26. Be3 Rxd4 27. Bxd4 Qd8
28. Bc5 Bc6 29. Rd2 Bd5 30. Nd4 Nd7 31. Bd6+ Ka8 32. Qg6 Rh8 33. Nxe6 Qb6+ 34.
Kh1 Rc8 35. Rc2 Bc6 36. Qxh6 a6 37. Qd2 Qb5 38. Kg1 Qa4 39. Nc7+ Ka7 40. e6 Nb8
41. e7 b6 42. b5 Bd7 43. bxa6 Qe4 44. e8=Q Bxe8 45. Nb5+ Bxb5 46. Rxc8 Nxa6 47.
Rc1 1-0

[Event "3rd Kolkata GM Open 2018"]
[Site "Kolkata IND"]
[Date "2018.05.19"]
[Round "6.12"]
[White "Vishnu Prasanna, V"]
[Black "Rajdeep, Sarkar"]
[Result "1/2-1/2"]
[WhiteTitle "GM"]
[BlackTitle "FM"]
[WhiteElo "2532"]
[BlackElo "2355"]
[WhiteFideId "5030692"]
[BlackFideId "25007963"]
[EventDate "2018.05.14"]

1. g3 d5 2. Nf3 Nf6 3. Bg2 c5 4. c4 e6 5. O-O Nc6 6. cxd5 Nxd5 7. d4 Be7 8. dxc5
Bxc5 9. Qc2 Bb6 10. Nc3 Nxc3 11. bxc3 Qe7 12. a4 O-O 13. Ba3 Bc5 14. Bxc5 Qxc5
15. Rfb1 a6 16. Nd2 Rb8 17. c4 b5 18. axb5 axb5 19. Nb3 Qxc4 20. Qb2 Ne7 21. Qe5
Rb6 22. Na5 Qc2 23. Rd1 Ra6 24. Qxb5 Qc7 25. Rdc1 Qa7 26. Qe5 Ng6 27. Qc7 Qxc7
28. Rxc7 e5 29. Bd5 Be6 30. Bxe6 Rxe6 31. Nc6 h5 32. h4 Ree8 33. Ra5 Ra8 34. Rd5
Rfe8 35. Rdd7 Nh8 36. e3 Kf8 37. Kg2 Ra2 38. Nd8 f5 39. Rc6 Re7 40. Ne6+ Kf7 41.
Rxe7+ Kxe7 42. Nxg7 f4 43. exf4 exf4 44. Nxh5 fxg3 45. Nxg3 Nf7 46. Nf5+ Kd7 47.
Rf6 Ne5 48. Ng3 Ke7 49. Rf5 Ke6 50. h5 Ng4 51. Rf4 Nf6 52. Kh3 Ra8 53. Rc4 Nd5
54. f4 Ne7 55. Re4+ Kf6 56. Re5 Ra4 57. Ne4+ Kf7 58. Kg4 Ra1 59. Ng5+ Kf8 60. h6
Rg1+ 61. Kf3 Rf1+ 62. Kg2 Ra1 63. h7 Ng6 64. Rf5+ Kg7 65. Rf7+ Kh8 66. f5 Nf4+
67. Kf3 Rf1+ 68. Ke3 Re1+ 69. Kd2 Re2+ 70. Kd1 Re8 71. Rf6 Nd5 72. Rf7 Nc3+ 73.
Kc2 Ne4 74. Nxe4 Rxe4 75. Rf6 Kxh7 76. Kd3 Rg4 77. Re6 Kg7 1/2-1/2

[Event "3rd Kolkata GM Open 2018"]
[Site "Kolkata IND"]
[Date "2018.05.19"]
[Round "6.13"]
[White "Shyam, Sundar M."]
[Black "Srijit, Paul"]
[Result "1-0"]
[WhiteTitle "GM"]
[WhiteElo "2518"]
[BlackElo "2347"]
[WhiteFideId "5019141"]
[BlackFideId "5094798"]
[EventDate "2018.05.14"]

1. Nf3 f5 2. d3 Nc6 3. d4 e6 4. g3 Nf6 5. Bg2 g6 6. O-O Bg7 7. c4 O-O 8. d5 Ne7
9. dxe6 dxe6 10. Nc3 Qxd1 11. Rxd1 Nc6 12. Be3 a6 13. Rac1 h6 14. Nh4 g5 15. Ng6
Re8 16. Bxc6 bxc6 17. Ne5 Bb7 18. f4 gxf4 19. Bxf4 Red8 20. Nd3 Ng4 21. Nc5 e5
22. Nxb7 Rdb8 23. Bd2 Rxb7 24. h3 Nf6 25. b3 Rbb8 26. Rf1 Nh5 27. Rxf5 Nxg3 28.
Rf3 Nh5 29. Ne4 a5 30. e3 Rf8 31. Rcf1 Rxf3 32. Rxf3 Kh7 33. Rf7 a4 34. Rxc7
axb3 35. axb3 Ra6 36. Kf2 Kg6 37. Nc5 Ra2 38. Rxc6+ Kf7 39. Ke1 Ng3 40. Ra6 Rb2
41. Kd1 Nf1 42. Ne4 Rxb3 43. Ke2 Nxd2 44. Nxd2 Rc3 45. Ne4 Rc1 46. Kd2 Rh1 47.
c5 Rxh3 48. c6 1-0

[Event "3rd Kolkata GM Open 2018"]
[Site "Kolkata IND"]
[Date "2018.05.19"]
[Round "6.14"]
[White "Ravi, Teja S."]
[Black "Swapnil, S. Dhopade"]
[Result "1-0"]
[WhiteTitle "IM"]
[BlackTitle "GM"]
[WhiteElo "2338"]
[BlackElo "2505"]
[WhiteFideId "5017220"]
[BlackFideId "5019184"]
[EventDate "2018.05.14"]

1. d4 Nf6 2. Bf4 d5 3. e3 e6 4. Nf3 c5 5. c3 Bd6 6. Bb5+ Nc6 7. Bxd6 Qxd6 8.
Nbd2 O-O 9. O-O b6 10. a4 Bb7 11. Bxc6 Bxc6 12. Ne5 Nd7 13. Nxc6 Qxc6 14. Nf3
Rfe8 15. a5 c4 16. Ne1 Reb8 17. axb6 Rxb6 18. Ra2 Qb7 19. Qa1 Nb8 20. Nf3 Nc6
21. Rc1 a5 22. Rc2 Rb5 23. h3 Ne7 24. Qe1 Nc8 25. Ne5 f6 26. Ng4 h5 27. Nh2 Nd6
28. Qd1 Qf7 29. Nf1 Rab8 30. Re2 Qg6 31. Qa1 Ne4 32. Qb1 Qf7 33. Qc1 h4 34. f3 1-0

[Event "3rd Kolkata GM Open 2018"]
[Site "Kolkata IND"]
[Date "2018.05.19"]
[Round "6.15"]
[White "Neverov, Valeriy"]
[Black "Vaishali, R"]
[Result "1-0"]
[WhiteTitle "GM"]
[BlackTitle "WIM"]
[WhiteElo "2496"]
[BlackElo "2316"]
[WhiteFideId "14100150"]
[BlackFideId "5091756"]
[EventDate "2018.05.14"]

1. Nf3 Nf6 2. c4 e6 3. g3 a6 4. e3 c5 5. b3 Be7 6. Bb2 d5 7. Bg2 b5 8. Nc3 O-O
9. Ne5 Bb7 10. cxb5 axb5 11. Nxb5 Nbd7 12. f4 Qb6 13. a4 Ba6 14. Bf1 Rfc8 15.
Be2 Nxe5 16. fxe5 Ne4 17. O-O c4 18. bxc4 dxc4 19. Bf3 Bb7 20. Bd4 Bc5 21. Rb1
Qa6 22. Nc3 Nxc3 23. Bxc3 Bd5 24. Bxd5 exd5 25. Qf3 Qe6 26. Rb7 Rf8 27. a5 Rab8
28. Rxb8 Rxb8 29. Qf5 Qxf5 30. Rxf5 Bb4 31. Rf1 Bxc3 32. dxc3 Ra8 33. Rb1 Kf8
34. Rb5 Rd8 35. a6 Ra8 36. Rb6 Ke8 37. Kf2 Ra7 38. e4 dxe4 39. Ke3 Kd8 40. Kxe4
Kc7 41. Rb7+ Rxb7 42. axb7 Kxb7 43. Kd5 1-0